| 000 | 00594nam a2200181 i 4500 | ||
|---|---|---|---|
| 001 | 150649 | ||
| 003 | ES-MaACL | ||
| 005 | 20230906203622.0 | ||
| 007 | t| | ||
| 008 | 071031s1970 sp |||| | spa d | ||
| 100 | 1 |
_aVahlefeld, Hans Wilhelm. _9112402 |
|
| 245 | 1 | 0 |
_a100 millones de seres extraños _b: Japón, la nueva potencia mundial / _cpor Hans Wilhelm Vahlefeld. |
| 260 |
_aMadrid : _bIbérico Europea de Ediciones, _c[1970] |
||
| 300 |
_a361 p. ; _c21 cm. |
||
| 651 | 4 |
_aJapón- _xHistoria- _yS.XX. _98885 |
|
| 651 | 4 |
_aJapón- _xSituación social. _98888 |
|
| 852 |
_aES-MaACL _jC-38519 |
||
| 999 |
_c150649 _d150649 |
||